000 00703nam a2200205Ia 4500
005 20260121110159.0
008 008 260114s9999 xx 000 0 hin d
020 _a9788132302735
037 _aEBOOK
040 _aCRL
_bhin
_cCRL
041 _ahin
_2hin
084 _qCRL
100 _aसुजाता मौर्य / Sujata Maurya
_9943026
245 0 _aपर्यावरण, पारिस्थितिकी एवं विकास / Paryavaran, Paristhitiki aur Vikas
260 _bभाषा प्रकाशन / Bhasha Prakashan
_c2020
856 _uhttps://bhashaprakashan.com/product-details/377958
942 _cEBOOK
999 _c1534691
_d1534691